000 00869nam a2200301Ia 4500
003 OSt
005 20220912150447.0
006 a|||||r|||| 00| 0
007 ta
008 220909b |||||||| |||| 00| 0 eng d
020 _a3540401849 (hbd)
024 _a12512
037 _cTextbook
040 _aCSL
_beng
_cCSL
041 _aeng
082 _aD65,8(B)6, P3 TD
100 _aEiben A E
245 0 _aIntroduction to evolutionary computing
260 _aBerlin
_bSpringer-Verlag
_c2003
300 _axv, 299p.
_ccm.
490 _aNatural computing series
500 _aBibliographical references 273-293p.
_ccm.; Index 295-299p.
_ccm.
650 _a Evolutionary computation
650 _aComputer Science
700 _a Smith J E
942 _hD65,8(B)6, P3 TD
_cTB
_2CC
999 _c47944
_d47944